000 02024cam a22004934i 4500
003 PE-LiUPU
005 20250731173152.0
008 150623s1999 sp r 000 0 spa d
020 _a8482671189
035 _a(Sirsi) i9788482671185
040 _aPE-LiUPU
_bspa
_cPE-LiUPU
_erda
049 _aPRUA
082 0 4 _a254.5
_bS411d
_223
100 1 0 _aSchwarz, Christian A.,
_d1960-,
_eautor.
245 1 3 _aEl desarrollo natural de la iglesia en la práctica /
_cChristian A. Schwarz; traductores, Beatriz Fernández, Abel Gálvez.
264 1 _aBarcelona :
_bClie,
_c1999.
300 _a253 páginas ;
_c22 centímetros
336 _atext
_2rdacontent
337 _aunmediated
_2rdamedia
338 _avolume
_2rdacarrier
505 0 _aComo desarrollar su perfil de iglesia -- Diez pasos operativos -- Como mejorar su factor mínimo -- Aprendiendo a pensar "Bióticamente" -- Las preguntas más frecuentes sobre el desarrollo natural de la iglesia.
526 _aSEG42
526 _aSEG41
526 _aSEG40
526 _aSEG39
526 _aP94
526 _aP87
526 _aP86
526 _aP85
526 _aP77
526 _aP76
526 _aP35
650 1 4 _aCrecimiento de iglesia.
700 1 _aFernández, Beatriz,
_etraductor.
700 1 _aGálvez, Abel,
_etraductor.
942 _2ddc
_cBK
_n0
949 _a254.5 S411d
_wDEWEY
_c1
_i55006
_d2015-11-5
_e2015-11-5
_lCCODEBUL1
_mBUL
_n7
_r0
_sY
_tBOOK
_u2015-6-24
_xTEOLOGIA
_0COMPRA
_o.STAFF. Colección General
949 _a254.5 S411d
_wDEWEY
_c2
_i50523
_d2016-9-22
_e2016-9-15
_lCCODEBUL1
_mBUL
_n6
_r0
_sY
_tBOOK
_u2015-6-24
_xTEOLOGIA
_zUNKNOWN
_0COMPRA
_o.STAFF. Colección General
949 _a254.5 S411d
_wDEWEY
_c3
_i55987
_d2016-11-7
_e2016-11-4
_lCCODEBUL1
_mBUL
_n1
_r0
_sY
_tBOOK
_u2015-6-24
_xTEOLOGIA
_zUNKNOWN
_0COMPRA
_o.STAFF. Colección General
980 _81
_gALBERTO SANCHEZ Responsable de Automatización
999 _c35472
_d35472